| 000 | 01003cam a2200301 i 4500 | ||
|---|---|---|---|
| 001 | 19401 | ||
| 003 | CO-MdFUSB | ||
| 005 | 20220924123448.0 | ||
| 008 | 220924t2003 sp ||||| |||| 00| 0 spa d | ||
| 020 | _a978-84-414-2644-3 | ||
| 040 |
_bspa. _aCO-MdFUSB _cCO-MdFUSB _dCO-MdFUSBC _erda |
||
| 041 | _aspa | ||
| 082 | 0 | 4 | _aR T151t |
| 245 | 1 | 0 | _aEl Talmud : Tratado de Berajot |
| 250 | _a6 | ||
| 264 | 1 |
_aJerusalén : _bEdaf, _c[2003] |
|
| 264 | 1 | _c© 2003 | |
| 300 |
_a652 páginas _c; |
||
| 336 |
_2rdacontent _atexto _btxt |
||
| 337 |
_2rdamedia _asin mediación _bn |
||
| 338 |
_2rdacarrier _avolumen _bnc |
||
| 500 | _aIncluye glosario (p. 625-650) \ Incluye índice (p. 651-652) | ||
| 501 | _aRústico | ||
| 505 | _aEl Shemá Israel - El rezo de las dieciocho bendiciones - Las bendiciones por el goce (Birkot Haneenín) y bendiciones finales - Tratado de Berajot - Los maravillosos relatos de los sabios | ||
| 650 | 1 | 4 | _aTALMUD \ Tratado de Berajot |
| 942 | _cBK | ||
| 945 | _aeSTUDIANTE | ||
| 999 |
_c45766 _d45766 |
||